000 02471cam a22006374i 4500
003 PE-LiUPU
005 20250731170409.0
008 150820s2011 xxua rb 000 1 eng d
020 _a9781439190753
035 _a(Sirsi) i9781439190753
040 _aPE-LiUPU
_bspa
_cPE-LiUPU
_erda
049 _aPRUA
082 0 4 _a150.1988
_bS37
_222
100 1 _aSeligman, Martin E. P.,
_eautor.
245 1 0 _aFlourish :
_ba visionary new understanding of happiness and well-being /
_cMartin E.P. Seligman.
250 _aFirst atria paperback edition.
264 1 _aNew York :
_bFree Press,
_c2011.
300 _axii, 349 páginas. :
_bilustraciones. ;
_c24 centímetros
336 _atext
_2rdacontent
337 _aunmediated
_2rdamedia
338 _avolume
_2rdacarrier
504 _aÍndice : páginas 321-349.
504 _aNotas bIibliográficas : páginas 138-144.
505 0 _aWhat is well-being?-- Creating your happiness: positive psychology exercises that work -- The dirty litle secret of drugs and therapy -- Teaching well-being: the magic of MAPP -- Positive education: teachig well-being to young people -- The ways to flourish -- GRIT, character, and achievement: a new theory of intelligence -- Army strong: Comprehensive soldier fitness -- Turning trauma into growth -- Positive physical health: the biology of optimism -- The politics and economics of well-being.
526 _aSEG68
526 _aSEG70
526 _aSEG69
526 _aSEG67
526 _aSEG43
526 _aP144
526 _aP143
526 _aP131
526 _aP122
526 _aP120
526 _aP117
526 _aP112
526 _aP110
526 _aP106
526 _aP101
526 _aP80
526 _aP59
526 _aP54
526 _aP35
526 _aP33
526 _aP30
541 _g80260;
650 4 _aBienestar.
650 4 _aPsicología positiva.
650 4 _aSatisfacción.
910 _acce
_bjvq
_ccce
_d20150820
942 _2ddc
_cBOOK
949 _aPGS 150.1988 S37
_wDEWEY
_c1
_i70807
_lCCODEBUL1
_mBUL
_p17.00
_r0
_sY
_tBOOK
_u2015-8-20
_xSALUD
_PP82
_0COMPRA
_o.STAFF. Posgrado
994 _aC0
_bPEPRU
596 _a1
999 _aPGS 150.1988 S37
_wDEWEY
_c6785
_i70807
_d6785
_e2019-8-13
_f2021-11-3
_g5
_lCCODEBUL1
_mBUL
_n5
_p17.00
_q4
_r0
_sY
_tBOOK
_u2015-8-20
_xSALUD
_PP82
_0COMPRA
_o.STAFF. Posgrado
980 _81
_gALBERTO SANCHEZ Responsable de Automatización